Entry Konu Terimi
001 - KONTROL NUMARASI
- Kontrol alanı: 40275
003 - KONTROL NUMARASI KİMLİĞİ
- Kontrol alanı: TR-BiSEU
005 - SON İŞLEM TARİHİ VE ZAMANI
- Kontrol alanı: 20260207002137.0
008 - SABİT UZUNLUKTAKİ VERİ ÖGELERİ - GENEL BİLGİ
- Sabit uzunlukta kontrol alanı: 260207|| aca||aabn | a|a d
040 ## - KATALOGLAMA KAYNAĞI
- Özgün kataloglama kurumu: TR-BiSEU
- Çeviri kurumu: TR-BiSEU
150 ## - KONU BAŞLIKLARI - KONU TERİMİ
- Konu terimi: Local mass media--Turkey--History--Congresses
670 ## - BİLGİNİN KAYNAĞI
- Bilginin alındığı kaynak: KOHA: (TR-BiSEU)17330: Kültür Hayatımızda Yerel Dergiler ve Yerel Dergi Yayımcılığı Bilgi Şöleni (2002 : Bolu, Turkey) 40273, Kültür hayatımızda yerel dergiler ve yerel dergi yayımcılığı bilgi şöleni :
